| 000 | 00520nam a22002057a 4500 | ||
|---|---|---|---|
| 003 | OSt | ||
| 005 | 20260502121149.0 | ||
| 008 | 260502b |||||||| |||| 00| 0 eng d | ||
| 020 | _a9780143333371 | ||
| 040 | _cSBCL | ||
| 082 |
_a823 _bBON-R |
||
| 100 | _aBond, Ruskin | ||
| 245 | _aThe Room of Many Colours | ||
| 260 |
_aHaryana _bPenguin Random House _c2014 |
||
| 300 | _a387p. | ||
| 630 | _x Literature & rhetoric | ||
| 650 | _aEnglish & Old English literatures | ||
| 650 | _aEnglish fiction | ||
| 942 | _cBOOK | ||
| 999 |
_c138119 _d138119 |
||